Closing human evolution: life in the ultimate age

Gespeichert in:
Bibliographische Detailangaben
1. Verfasser: Kováč, Ladislav
Format: Buch
Sprache:Englisch
Veröffentlicht: Cham Springer 2015
Schriftenreihe:Springer briefs in evolutionary biology
Schlagworte:
Tags: Tag hinzufügen
Keine Tags, Fügen Sie das erste Tag hinzu!

MARC

LEADER 00000nam a2200000 4500
001 0223929
005 20240314085649.0
020 |a 978-3-319-20659-2 
041 0 |a eng 
044 |a CH 
245 1 0 |a Closing human evolution: life in the ultimate age  |c Ladislav Kováč 
264 1 |a Cham  |b Springer  |c 2015 
300 |a x, 125 s. 
490 1 |a Springer briefs in evolutionary biology 
830 0 |a Springer briefs in evolutionary biology 
610 2 0 |a biológia 
610 2 0 |a vedy biologické 
610 2 0 |a antropológia 
100 1 |a Kováč, Ladislav